| 000 | 00667nam a22002297a 4500 | ||
|---|---|---|---|
| 003 | UA-OsUOA | ||
| 001 | 58966 | ||
| 007 | ta | ||
| 008 | 20090304b un ||||| |||| 00| 0 ukr d | ||
| 100 | _aПедак Віктор | ||
| 090 |
_a82-94 _bП24 |
||
| 942 | _cBK | ||
| 040 |
_aUA-OsUOA _cUA-OsUOA _dUA-OsUOA |
||
| 245 |
_aДякуємо і мертвим, і живим. _bДокументальний нарис |
||
| 300 | _a278 с. | ||
| 955 | _a1 | ||
| 080 | _a82-94 | ||
| 020 | _a978-966-511-328-3 | ||
| 260 |
_aДніпропетровськ _bСіч _c2007 |
||
| 650 | 7 |
_a82 Література. Літературознавство _2UDC |
|
| 999 |
_c345059 _d345059 |
||